| 000 | 00471nam a22001577a 4500 | ||
|---|---|---|---|
| 005 | 20241125202304.0 | ||
| 008 | 241125b |||||||| |||| 00| 0 eng d | ||
| 020 | _a9780697172181 | ||
| 050 | _aQC23 TIL | ||
| 100 | _aTillery, Bill W. | ||
| 245 |
_aPhysics/ _bfoundations of physical science _cBill W. Tillery |
||
| 250 | _a2nd ed. | ||
| 260 |
_aDubuque, Iowa _bWm. C. Brown Publishers _c1993 |
||
| 300 |
_axiv. 618p. _bill. some color _c27.5cm |
||
| 942 |
_2lcc _cBK _e2nd ed. _n0 |
||
| 999 |
_c1550 _d1550 |
||